| 000 | 00803 a2200229 4500 | ||
|---|---|---|---|
| 005 | 20191120122729.0 | ||
| 008 | 191120s2020 nyu||||| |||| 00| 0 eng d | ||
| 020 | _a9781493997473 | ||
| 040 |
_aCO-BoUCM _bspa _cSaul Niño _dSaul Niño |
||
| 041 | 0 | _aeng | |
| 060 | _aQW 20.5 | ||
| 245 | 0 | 0 |
_aCryptosporidium _bmethods and protocols _cEdited by Jan R Mead, Michael J. Arrowood |
| 260 |
_aNew York _bHumana Press _b[Springer] _c2020 |
||
| 300 | _a407 páginas | ||
| 490 | 0 | _aMethods in molecular biology (Clifton, N.J.) | |
| 546 | _aTexto en inglés | ||
| 650 | 7 |
_917547 _aInfecciones por protozoarios _xMétodos |
|
| 650 | 7 |
_919480 _aMicrobiología _xInvestigaciones |
|
| 700 | 1 | 0 |
_a Arrowood, Michael J. _eeditor _999288 |
| 942 |
_cLIBRO _2NLM _a14 _e1 _hQW 20.5 _mC957c |
||
| 999 |
_c315788 _d315788 |
||